Sports Quiz

Random Sports Quiz

WWF/WWE Armageddon 1999 P.P.V Quiz Stats

 Plays Quiz not verified by Sporcle

Score 0/41 Timer 07:00
0 Plays Today
Match Wrestlers % Correct
No Holds Barred MatchTriple H
98.4%
Tag Team MatchThe Rock
95.5%
Tag Team MatchBilly Gunn
94.1%
Steel Cage MatchKane
93.9%
Tag Team MatchRoad Dogg
93.7%
No Holds Barred MatchVince McMahon
93.7%
Tag Team Battle RoyalJeff Hardy
93%
Tag Team Battle RoyalMatt Hardy
92.7%
Steel Cage MatchX-Pac
92.7%
Singles MatchChris Jericho
92.7%
Tag Team MatchMankind
92.7%
Tag Team Battle RoyalEdge
91.8%
Tag Team Battle RoyalChristian
91.5%
Singles MatchBig Show
91.5%
Singles MatchChyna
89.7%
Tag Team Battle RoyalBradshaw
89.2%
Tag Team Battle RoyalBubba Ray Dudley
87.6%
Tag Team Battle RoyalD'Von Dudley
87.6%
Tag Team Battle RoyalFaarooq
86.6%
Triple Threat MatchD'lo Brown
85.4%
Singles MatchBig Bossman
84%
Match Wrestlers % Correct
Evening Gown Pool MatchIvory
81.5%
Tag Team MatchHardcore Holly
80.8%
Tag Team MatchCrash Holly
80.5%
Triple Threat MatchVal Venis
79.8%
Evening Gown Pool MatchMiss Kitty
78.9%
Singles MatchKurt Angle
75.4%
Tag Team MatchRikishi
73.7%
Tag Team Battle RoyalMark Henry
73.5%
Tag Team Battle RoyalThe Godfather
71.8%
Tag Team Battle RoyalScotty 2 Hotty
70.4%
Evening Gown Pool MatchJacqueline
70.4%
Tag Team Battle RoyalGrand Master Sexay
69.5%
Singles MatchSteve Blackman
69%
Tag Team Battle RoyalMosh
66.4%
Tag Team Battle RoyalThrasher
65.7%
Tag Team MatchViscera
64.8%
Triple Threat MatchBritish Bulldog
62.9%
Evening Gown Pool MatchB.B
56.3%
Tag Team Battle RoyalPete Gas
43%
Tag Team Battle RoyalRodney
42.3%

You're not logged in!

Compare scores with friends on all Sporcle quizzes.
OR
Log In

Show Comments

Extras

Created Oct 26, 2010ReportNominate
Tags:1999, armageddon, matching, PPV, wrestlers, WWF

Top Quizzes Today


Score Distribution

Your Account Isn't Verified!

In order to create a playlist on Sporcle, you need to verify the email address you used during registration. Go to your Sporcle Settings to finish the process.

Report this User

Report this user for behavior that violates our Community Guidelines.

Details: